ბათუმის შოთა რუსთაველის სახელმწიფო უნივერსიტეტის ბიბლიოთეკა

არქეოლოგიური კვლევა-ძიება ალგეთისა და ივრის ხეობაში / (ბიბ.ჩანაწერი № 59987)

000 -ლიდერი
ფიქსირებული სიგრძის საკონტროლო ველი 01327nam a22002057a 4500
003 - საკონტროლო ნომრის იდენტიფიკატორი
საკონტროლო ველი Ge_BSU
005 - ბოლო ოპერაციის თარიღი და დრო
საკონტროლო ველი 20230529112759.0
008 - ფიქსირებული სიგრძის მონაცემთა ელემენტები - ზოგადი ინფორმაცია
ფიქსირებული სიგრძის საკონტროლო ველი 230529s1989ge xxu||||| |||| 00| 0 geo d
041 ## - ენის კოდი
Language code of text/sound track or separate title geo
080 ## - უნივერსალური ათობითი კლასიფიკაციის ინდექსი
Universal Decimal Classification number 902.2(479.221.13) ლ-81
100 ## - მთავარი ჩანაწერი - პიროვნების სახელი
Personal name ლომთათიძე, გიორგი
9 (RLIN) 18253
245 ## - ცნობა სათაურის შესახებ
Title არქეოლოგიური კვლევა-ძიება ალგეთისა და ივრის ხეობაში /
Statement of responsibility, etc [წინასიტყვ. ავტ.: გ. ცქიტიშვილი, რ. რამიშვილი]
264 ## - წარმოების, გამოცემის, დისტრიბუციის და სხვა ცნობები
გამოცემის, წარმოების, დისტრიბუციის... ადგილი თბილისი :
გამოცემის, წარმოების, დისტრიბუციის... სახელწოდება მეცნიერება,
გამოცემის, წარმოების, დისტრიბუციის... თარიღი 1989.
300 ## - ფიზიკური აღწერა
Extent 323 გვ. :
Other physical details 62 ფ. ილ. ;
Dimensions 25 სმ.
653 ## - INDEX TERM--UNCONTROLLED
Uncontrolled term არქეოლოგიური გათხრები აღმოსავლეთ საქართველოში.
700 ## - ADDED ENTRY--PERSONAL NAME
Personal name ცქიტიშვილი, გ
9 (RLIN) 18254
700 ## - ADDED ENTRY--PERSONAL NAME
Personal name რამიშვილი, რ.
Relator term წინასიტყვაობის ავტორი
9 (RLIN) 17562
710 ## - ADDED ENTRY--CORPORATE NAME
Corporate name or jurisdiction name as entry element საქ. სსრ მეცნ. აკად., არქეოლ. კომ., ისტორიის, არქეოლ. და ეთნოგრაფიის ინ-ტის არქეოლ. კვლევის ცენტრი.
9 (RLIN) 18255
942 ## - ADDED ENTRY ELEMENTS (KOHA)
Source of classification or shelving scheme
Koha item type წიგნი
ეგზემპლარები
ჩამოწერის სტატუსი დაკარგული ეგზემპლარის სტატუსი კლასიფიკაციის წყარო ან თაროზე გაწყობის სქემა დაზიანების სტატუსი არ გაიცემა მუდმივი მდებარეობა (დაცვის ადგილი) ამჟამინდელი ადგილსამყოფელი თაროზე განთავსების ადგილი შეძენის თარიღი ღირებულება, შესყიდვის ნორმალური ფასი სრული შენახვის შიფრი შტრიხკოდი ბოლო ოპერაციის თარიღი ეგზემპლარის მიმდევრობითი ნომერი (კეტერი?) Cost, replacement price ფასის ძალაში შესვლის თარიღი ეგზემპლარის სახეობა საჯარო შენიშვნა
          ბათუმის შოთა რუსთაველის სახელმწიფო უნივერსიტეტის მთავარი ბიბლიოთეკა ბათუმის შოთა რუსთაველის სახელმწიფო უნივერსიტეტის მთავარი ბიბლიოთეკა წიგნსაცავი 2023-05-29 10.00 902.2(479.221.13) ლ-81 64472 2023-05-29 64472 0.00 2023-05-29 წიგნი 10.00